Divorcio, compensación económica y responsabilidad civil conyugal
Guardat en:
| Autor principal: | |
|---|---|
| Format: | Llibre |
| Idioma: | espanyol |
| Publicat: |
Santiago
Legal Publishing
2013
|
| Edició: | 1a. ed |
| Col·lecció: | Monografías
|
| Matèries: | |
| Etiquetes: |
Afegir etiqueta
Sense etiquetes, Sigues el primer a etiquetar aquest registre!
|
MARC
| LEADER | 00000cam a2200000 a 4500 | ||
|---|---|---|---|
| 001 | UCE2078 | ||
| 003 | CL-VaPUC | ||
| 008 | 140605e20130900cl |||||||||||||||||spa|d | ||
| 020 | |a 9789563463828 | ||
| 082 | 0 | 4 | |a 346.830166 |b LLU |2 21 |
| 100 | |a Llulle Navarrete, Philipe Angelo |e autor |9 601355 | ||
| 245 | 1 | 0 | |a Divorcio, compensación económica y responsabilidad civil conyugal |
| 250 | |a 1a. ed | ||
| 300 | |a 353 p | ||
| 942 | |c BK | ||
| 945 | |d 20140605 14:22:00 |a dcastane | ||
| 260 | |a Santiago |b Legal Publishing |c 2013 | ||
| 650 | 7 | |a MATRIMONIO |2 CL-VaPUC |9 574549 | |
| 650 | 0 | |a Divorcio |9 256204 | |
| 650 | 0 | |a Compensación económica |9 522559 | |
| 583 | |a last modification |c 20140605 14:22:00 |k Rodrigo Vera | ||
| 490 | 0 | |a Monografías | |
| 999 | |c 355748 |d 355746 | ||
| 952 | |0 0 |1 0 |3 erb |4 0 |6 346_830166000000000_LLU_2013 |7 0 |8 A |9 462584 |a BIBDER |b BIBDER |i 5025338 |l 1 |o 346.830166 LLU 2013 |p 5025338 |r 2024-01-03 |s 2024-01-03 |w 2019-11-23 |y BK |z Catalogado en:20140605 |k DER | ||